Most Streamed Songs of 1997 - Statistics

General Stats
  • This quiz has been taken 11 times
  • The average score is 10 of 20
Answer Stats
# Streams Artist(s) Answer % Correct
20 731,250,689 Aqua Barbie Girl
90%
7 1,126,423,602 Natalie Imbruglia Torn
80%
3 1,570,672,588 The Verve Bitter Sweet Symphony
70%
10 824,456,749 Rammstein Du Hast
70%
1 1,704,407,660 Foo Fighters Everlong
70%
4 1,348,271,325 Sixpence None The Richer Kiss Me
70%
12 794,071,808 Diddy & Faith Evans ft. 112 I'll Be Missing You
60%
6 1,242,294,140 Blur Song 2
60%
11 816,212,473 Backstreet Boys Everybody (Backstreet's Back)
50%
14 786,999,590 Shania Twain Man! I Feel Like A Woman!
50%
19 733,107,305 Eagle-Eye Cherry Save Tonight
50%
9 848,400,227 Radiohead Karma Police
40%
5 1,335,744,465 Radiohead No Surprises
40%
13 792,340,269 Shania Twain You're Still The One
40%
17 748,732,910 Robbie Williams Angels
30%
2 1,628,355,684 The Notorious B.I.G. Hypnotize
30%
16 761,116,740 Backstreet Boys As Long As You Love Me
20%
8 1,034,282,573 Green Day Good Riddance (Time of Your Life)
20%
15 773,902,991 Radiohead Let Down
20%
18 739,921,393 Third Eye Blind Semi-Charmed Life
20%
No matching quizzes found
Score Distribution
Percent of People with Each Score
Percentile by Number Answered
Your Score History
You have not taken this quiz